| 000 | 01017cam a22003017a 4500 | ||
|---|---|---|---|
| 999 |
_c329593 _d329593 |
||
| 001 | 16435525 | ||
| 003 | NUST | ||
| 005 | 20170515151838.0 | ||
| 008 | 100827s2010 pk 000 | urd | ||
| 010 | _a 2010343726 | ||
| 020 | _a9789698957902 | ||
| 025 | _aP-U-2010343726; 10 | ||
| 040 |
_aDLC _cDLC |
||
| 042 | _alcode | ||
| 050 | 0 | 0 | _aMLCSA 2010/00192 (P) |
| 066 |
_c(3 _c(4 |
||
| 082 |
_a891.4393 _bAOH |
||
| 100 | 1 |
_6880-01 _aĀhūjā, Samīʻ. _9749 |
|
| 245 | 1 | 0 |
_6880-02 _aZindān-i gardbād : _bafsāne / _cSamīʻ Āhūjā. |
| 260 |
_6880-03 _aLahore : _bSānjh, _c2010. |
||
| 300 |
_a203 p. ; _c22 cm. |
||
| 500 | _aShort stories. | ||
| 546 | _aIn Urdu. | ||
| 880 | 1 |
_6100-01/(3/r _aآهوجا، سميع. |
|
| 880 | 1 | 0 |
_6245-02/(3/r _aزندان گردباد : _bافسانے / _cسميع آهوجا. |
| 880 |
_6260-03/(3/r _aلاهور : _bسانجھ، _c2010. |
||
| 906 |
_a7 _bcbc _corigode _d4 _encip _f20 _gy-gencatlg |
||
| 942 |
_2ddc _cBK |
||